Регионална библиотека "Любен Каравелов" - Русе

Прочути италиански певци (Запис номер 119143)

MARC детайли
000 -Лидер
Контролно поле с фиксирана дължина 02290nam a2200541 c 4500
003 - Код на организацията, давaща контролен номер
Контролно поле BLK
005 - Дата и час на последна редакция
Контролно поле 20240808131253.0
008 - Елементи от данни с фиксирана дължина
fixed length control field 180409b bul|||||r ||||||| ||bul||
010 ## - Наследен системен номер
LC control number KNG00124757000
040 ## - Източник на каталожния запис
Идентификатор на билиотеката - собственик на записа BLK
041 ## - Код за език
Код за езика на текст/звукозапис или на отделно заглавие Български
Код за езика КДБФ Български
080 ## - УДК
Текстов определител УДК Опера, музикална драма - изпълнители
УДК код - определител по УДК 782.1.071.2
УДК определител (45)(092)
УДК - код + определител 782.1.071.2(45)(092)
080 ## - УДК
Текстов определител УДК Биографии
УДК код - определител по УДК 929
УДК определител (45)
УДК - код + определител 929(45)
100 1# - Редна дума - Автор
Автор Тимохин, Всеволод Василиевич
Авторска отговорност първи автор
R(LIN) 310251
139 ## - Редно поле
Редна дума Тимохин, Всеволод Василиевич
Авторски знак Тимо - Т 56
245 10 - Сведения за заглавието
Заглавие Прочути италиански певци
Редно поле (дума) Всеволод Василиевич Тимохин; прев. от рус. Мария Узунова.
257 ## - Страна на издаване
Страна на създаване/издаване СССР
260 ## - Област на издателските данни
Име на издателя, разпространителя и проч. Наука и изкуство
Година на издаване 1965
Място на издаване, разпространение и проч. София
300 ## - Физическа характеристика
Страници 166 с.
Размери/Мащаб 20 см
380 ## - Жанр
Жанр Изкуство
490 ## - СЕРИИ (Колекции)
Име на серия Знаменити музиканти
9 (RLIN) 204068
500 ## - Общи забележки
Забележка Библиогр. под линия.
600 14 - Име на лице, използвано като предмет
За него / За нея Каталани, Анджелика
9 (RLIN) 316043
600 14 - Име на лице, използвано като предмет
За него / За нея Рубини, Джовани Батиста
9 (RLIN) 316044
600 14 - Име на лице, използвано като предмет
За него / За нея Паста, Джудита
9 (RLIN) 223282
600 14 - Име на лице, използвано като предмет
За него / За нея Пати, Аделина
9 (RLIN) 316045
600 14 - Име на лице, използвано като предмет
За него / За нея Батистини, Матиа
9 (RLIN) 223284
600 14 - Име на лице, използвано като предмет
За него / За нея Карзуо, Енрико
9 (RLIN) 223285
600 14 - Име на лице, използвано като предмет
За него / За нея Руфо, Тита
9 (RLIN) 316046
600 14 - Име на лице, използвано като предмет
За него / За нея Гали-Курчи, Амелита
9 (RLIN) 316047
600 #0 - Име на лице, използвано като предмет
За него / За нея Джили, Бениамино
Титли или други наименования, свързани с автора итал. оперен певец - тенор
Свързани дати (1890-1957)
9 (RLIN) 376705
600 14 - Име на лице, използвано като предмет
За него / За нея Пинца, Ецио
9 (RLIN) 223288
600 14 - Име на лице, използвано като предмет
За него / За нея Тебалди, Рената
9 (RLIN) 223289
600 14 - Име на лице, използвано като предмет
За него / За нея Калас, Мария
9 (RLIN) 308755
650 #4 - Допълнително описание по предмет – тема
Основно описание – тема или топоним Певци, оперни
9 (RLIN) 299196
651 #4 - Допълнително описание по предмет - топоним
Географско понятие Италия
9 (RLIN) 178965
653 ## - Ключова дума – ненормативна
Ключова дума оперни певци
653 ## - Ключова дума – ненормативна
Ключова дума Италия
653 ## - Ключова дума – ненормативна
Ключова дума биографии
700 1# - Други автори (авторска отговорност)
Лично име Узунова, Мария
Автороска отговорност (Описва отношението между автора и произведението) прев. от рус.
9 (RLIN) 370555
852 ## - Местоположение
Форматна сигнатура Цб 33978
856 4# - Електронен адрес и достъп
Електронен формат pdf - файл
856 4# - Електронен адрес и достъп
Електронен формат pdf - файл
999 ## - СИСТЕМНИ КОНТРОЛНИ НОМЕРА
Koha biblionumber 119143
Koha biblioitemnumber 119143
942 ## - АРТИКУЛИ
Вид на библиотечния материал Книги
Скрит в OPAC Не
Koha issues (borrowed), all copies 1
Периодичен библиозапис Да
944 ## - СЪЗДАВАНЕ И РЕДАКЦИЯ на ЗАПИСА
Създаване/Редакция Създаване
Дата на регистрацията/редакция 11.08.2011
Статус, дата на статуса Севдалина Тодорова
Служител, извършил регистрацията/редакцията 30540
944 ## - СЪЗДАВАНЕ И РЕДАКЦИЯ на ЗАПИСА
Създаване/Редакция Редакция
Дата на регистрацията/редакция 30.01.2015
Статус, дата на статуса 11.08.2011 - от С1,Р / 11.08.2011
Служител, извършил регистрацията/редакцията Ирена_Линкова
999 ## - СИСТЕМНИ КОНТРОЛНИ НОМЕРА
Koha biblioitemnumber 119143
Наличности
Код за отписване Код за изгубен артикул Източник на класификационната схема Код за повреда Коз за рестрикции Код за отдаване Артикулен № Име на библиотеката - собственик Име на библиотеката, в която се намира в момента Статус (Текущо местоположение) Дата на вписване в системата Местоположение - отдел Цена в лева Инвентарен номер Систематично азбучна сигнатура Баркод Номер на екземпляра Цена в евро Служебна бележка Служебен тип на артикула
  Не е изгубен Universal Decimal Classification Не е повреден без рестрикции заемане за дома 192213 Регионална библиотека "Любен Каравелов" Русе Регионална библиотека "Любен Каравелов" Русе Отдел Изкуство - подръчен фонд 1965-01-01 Отдел Изкуство - подръчен фонд 0.46 7462/66 782.1(092)/Т 56 900000076830 1 0.24 Дост: Pk Вид: Ф N: стар фонд Дата: 01.01.1965 Дата инв: 20.06.2012 Бележки инв: * Книги
Изтеглен Не е изгубен Universal Decimal Classification Не е повреден без рестрикции заемане за дома 192214 Регионална библиотека "Любен Каравелов" Русе Регионална библиотека "Любен Каравелов" Русе Отдел Изкуство - подръчен фонд 1965-01-01 Отдел Изкуство - подръчен фонд 0.46 8646/65 782.1(092)/Т 56 8646/65 2 0.24 Дост: Pk Вид: Ф N: стар фонд Дата: 01.01.1965 Дата инв: 05.04.2017 Бележки инв: ИП2017 Книги
Изтеглен Не е изгубен Universal Decimal Classification Не е повреден без рестрикции заемане за дома 192215 Регионална библиотека "Любен Каравелов" Русе Регионална библиотека "Любен Каравелов" Русе Отчислена 1965-01-01 Отдел Изкуство - подръчен фонд 0.46 643267 ИП 782.1(092)/Т 56 643267 3 0.24 Дост: Pk Вид: Ф N: стар фонд Дата: 01.01.1965 Книги
  Не е изгубен Universal Decimal Classification Не е повреден само за читалня ползва се в читалня 192216 Регионална библиотека "Любен Каравелов" Русе Регионална библиотека "Любен Каравелов" Русе Хранилище 1965-01-01 Хранилище 0.46 8108/65 Цб 33978 900000094416 4 0.24 Дост: Dp Вид: Д N: сф Дата: 01.01.1965 Книги
Vip Innovations Ltd, Rousse, Bulgaria 2025